000 00548nam a22001817a 4500
005 20251108164240.0
008 250721s1987 xx 000 0 ara d
082 1 4 _a792/فرج
100 1 _aفرجسون، فرنسيس
245 1 0 _aفكرة المسرح /
264 1 _aالقاهره :
_bالهيئه المصريه العامه للكتاب،
_c1987.
300 _a405ص
490 0 _aالألف كتاب الثاني ؛ 33
650 1 7 _aالمسرح
700 1 _aالعشري، جلال
_eترجمة
942 _2ddc
_cBK
999 _c7407
_d7407